000 00293nam a22001337a 4500
020 _a978-81-7409-122-X
041 _aENG
100 _a Ballaney.B.L
245 _aTheory Machines and Mechanisms
260 _aNew Delhi
_bKhanna Publishers
_c2018
300 _a1348
650 _aFMP
856 _uFMP
999 _c54
_d54